000
00282pab a2200109 454500
008
180718b xxu||||| |||| 00| 0 eng d
100
_a
Andersen, Walter K
245
_a
India's 1991 elections: the uncertain verdict
650
_a
Elections - India
773
_a
Asian Survey
909
_a
2603
999
_c
2603
_d
2603